000
00253nam a22000977a 4500
008
160510b xxu||||| |||| 00| 0 eng d
041
_a
eng
080
_a
611
245
_a
Human arrangements an introducion to sociology:
_c
Allan G. Johnson;
942
_2
udc
_c
BK
999
_c
1950
_d
1950